1697 1660 1587 1807 1040 1795 1921 1653 1153 1979 1635 1062 1312 1251 1204 1897 1174 1732 1974 1664 1756 1300 1405 1131 1951 1237 1574 1448 1564 1061 1034 1669 1516 1971 1940 1503 1092 1371 1757 1056 1613 1292 1593 1072 1440 1925 1093 1683 1994 1098 1287 1628 1405 1878 1502 1869 1227 1302 1902 1977 1509 1817 1494 1211 1153 1420 1912 1821 1048 1478 1632 1666 1507 1678 1342 1751 1555 1453 1066 1536 1976 1661 1004 1203 1179 1603 1027 1670 1235 1944 1002 1428 1262 1606 1546 1549 1097 1408 1691 BCNSPRNW ULIB Ver.6.0+V

เปลี่ยนเป็นภาษาไทย

Change to English
 แสดงรายละเอียดบรรณานุกรม
  กลับหน้าหลัก

Brief Record : Get Marc (ISO 2709) : E-mail record : QR code < ปิดหน้าต่าง
LEADER : 00000nam 2200000uu 4500
001    13399122243
003     ULIB
008    130116s||||||||th 000 0 tha d
020    ^a9786169025276
060    ^aWS420^bค181
245 10 ^aความรู้เกี่ยวกับการตรวจคัดกรองทางห้องปฏิบัติการด้านกุมารเวชศาสตร์ทารกแรกเกิดสำหรับพยาบาล แพทย์ และบุคลากรทางแพทย์ /^cโดย วิโรจน์ ไววานิชกิจ
250    ^aพิมพ์ครั้งแรก
260    ^aกรุงเทพฯ :^bโรงพิมพ์แห่งจุฬาลงกรณ์มหาวิทยาลัย,^c2555
300    ^a95 หน้า
505 0  ^a^tหลักการตรวจคัดกรองสำหรับทารกแรกเกิด - -^tการตรวจคัดกรองความผิดปกติของต่อมไทรอยด์แต่กำเนิด - -^tการตรวจคัดกรองโรค phenyketonuria แต่กำเนิด - -^tการตรวจคัดกรองโรค G-6 PD deficiency แต่กำเนิด - -^tการตรวจคัดกรองโรค MSUD แต่กำเนิด - -^tการตรวจคัดกรองโรค congenitial hyperplasia
650  7 ^aกุมารเวชศาสตร์
650  7 ^aการวินิจฉัยโรคทางห้องปฏิบัติการ^xในวัยทารกและเด็ก
650  7 ^aทารกแรกเกิด
700 0  ^aวิโรจน์ ไววานิชกิจ,^eบรรณาธิการ
945    ^p0^l0^i19732
945    ^p0^l0^i19733
945    ^p0^l0^i19734
995    ^aกัณชพร
999    ^aใช้งานได้ทุกระบบ
รายการนี้ยังไม่มีแท็ก
คุณยังไม่ได้ล็อกอิน คุณสามารถมีกิจกรรมร่วมกับเว็บไซต์ได้ แต่ต้องล็อกอินก่อน ::
  ล็อกอิน

รายการสื่อสารสนเทศ

ลำดับที่ ประเภท เลขเรียก/บาร์โค้ด สถานที่ สถานะ
1. วิทยาศาสตร์การแพทย์ และสุขภาพ
วิทยาศาสตร์การแพทย์ และสุขภาพ
WS420 ค181  
  Barcode: 19732
ห้องสมุดวิทยาเขตนครสวรรค์
►ส่วนจัดเก็บหนังสือเก่า นว.
บนชั้น
  ขอยืม
2. วิทยาศาสตร์การแพทย์ และสุขภาพ
วิทยาศาสตร์การแพทย์ และสุขภาพ
WS420 ค181 ฉ.2 
  Barcode: 19733
ห้องสมุดวิทยาเขตนครสวรรค์
►ส่วนจัดเก็บหนังสือเก่า นว.
บนชั้น
  ขอยืม
3. วิทยาศาสตร์การแพทย์ และสุขภาพ
วิทยาศาสตร์การแพทย์ และสุขภาพ
WS420 ค181 ฉ.3 
  Barcode: 19734
ห้องสมุดวิทยาเขตนครสวรรค์
►ส่วนจัดเก็บหนังสือเก่า นว.
บนชั้น
  ขอยืม

รายการใกล้เคียง
    หัวเรื่อง [กุมารเวชศาสตร์]
    หัวเรื่อง [ทารกแรกเกิด]

BibComment


ยังไม่เคยถูกคอมเมนท์

คอมเมนท์ทรัพยากรรายการนี้
  คอมเมนท์: ความรู้เกี่ยวกับ..


 Copyright 2026. Bcnsprnw @Library